|
|
|
|
| LEADER |
00785nam a22002172a 4500 |
| 001 |
001441107 |
| 003 |
CZ BrMZK |
| 005 |
20141202150146.0 |
| 007 |
ta |
| 008 |
141202s1955 gw er|||||||||||ger d |
| 040 |
|
|
|a BOA001
|b cze
|
| 100 |
1 |
|
|a Oelssner, Fred,
|d 1903-1977
|7 jx20060205092
|4 aut
|
| 245 |
1 |
4 |
|a Die Übergangsperiode vom Kapitalismus zum Sozialismus in der Deutschen Demokratischen Republik /
|c Fred Oelssner
|
| 260 |
|
|
|a Berlin :
|b Akademie-Verlag,
|c 1955
|
| 300 |
|
|
|a 91 s.
|
| 490 |
1 |
|
|a Vorträge und Schriften ;
|v Heft 56
|
| 810 |
2 |
|
|a Deutsche Akademie der Wissenschaften zu Berlin.
|t Vorträge und Schriften
|0 s
|
| 910 |
|
|
|a BOA001
|b 2-0345.338
|
| 990 |
|
|
|a BK
|
| 991 |
|
|
|b 201412
|
| 996 |
7 |
|
|b 2618980292
|c 2-0345.338
|l MZK
|r Sklad / do 24 hodin
|n 0
|w 001475969
|u 000010
|a 1
|e BOA001
|j MZK50
|s A
|